[Event "GER-ch U25-C"]
[Site "Willingen"]
[Date "2018.05.23"]
[Round "6"]
[White "Gloeckl, Simon"]
[Black "Butenandt, Albrecht"]
[Result "1-0"]
[WhiteElo "1321"]
[BlackElo "1144"]
[PlyCount "67"]
[EventDate "2018.05.19"]
[EventType "swiss"]
[EventRounds "9"]
[EventCountry "GER"]
[SourceTitle "CBM 184 Extra"]
[Source "ChessBase"]
[SourceDate "2018.06.28"]
[SourceVersion "1"]
[SourceVersionDate "2018.06.28"]
[SourceQuality "1"]

1. d4 Nf6 2. Nf3 g6 3. Nbd2 Bg7 4. e4 d6 5. Bc4 0-0 6. 0-0 e5 7. dxe5 dxe5 8. Nxe5 Nxe4 9. Nxe4 Bxe5 10. c3 Bf5 11. Ng3 Qh4 12. Bb3 Nc6 13. f4 Bg4 14. Qc2 Bd6 15. Ne4 Bf5 16. Qf2 Qxf2+ 17. Nxf2 Bc5 18. Kh1 Rad8 19. Nh3 Rd3 20. Bc2 Rxh3 21. Bxf5 Rh5 22. Be4 Re8 23. Bf3 Rh4 24. g3 Rh6 25. f5 Be3 26. Re1 gxf5 27. Rxe3 Rd8 28. Re8+ Rxe8 29. Bxh6 Re6 30. Bf4 Re7 31. Kg2 Kg7 32. Kf2 Kg6 33. Rd1 a6 34. Rd5 1-0